<?xml version="1.0" encoding="utf-8"?>
<?xml-stylesheet type='text/xsl' href='./oai2.xsl'?>
<OAI-PMH xmlns="http://www.openarchives.org/OAI/2.0/" xmlns:xsi="http://www.w3.org/2001/XMLSchema-instance" xsi:schemaLocation="http://www.openarchives.org/OAI/2.0/ http://www.openarchives.org/OAI/2.0/OAI-PMH.xsd">
  <responseDate>2026-06-07T06:39:01Z</responseDate>
  <request verb="GetRecord" metadataPrefix="marcxml" identifier="record_kuniweb_2504665">https://kulturerbe.niedersachsen.de/oai</request>
  <GetRecord>
    <record>
      <header>
        <identifier>record_kuniweb_2504665</identifier>
        <datestamp>2026-03-31T19:09:18Z</datestamp>
        <setSpec>slg0175</setSpec>
      </header>
      <metadata>
        <marc:record xmlns:marc="http://www.loc.gov/MARC21/slim" xsi:schemaLocation="http://www.loc.gov/MARC21/slim http://www.loc.gov/standards/marcxml/schema/MARC21slim.xsd">
          <marc:leader>12345nkm  22     uu 4500</marc:leader>
          <marc:controlfield tag="001">2504665</marc:controlfield>
          <marc:controlfield tag="003">http://kuniweb.gbv.de</marc:controlfield>
          <marc:controlfield tag="005">2024-04-11T14:43:15</marc:controlfield>
          <marc:controlfield tag="008">|           ||||||||||||||||||||||</marc:controlfield>
          <marc:datafield tag="245" ind1="1" ind2="0">
            <marc:subfield code="a">Das Schweißtuch der Veronika mit dem Antlitz Christi</marc:subfield>
          </marc:datafield>
          <marc:datafield tag="700" ind1="1" ind2=" ">
            <marc:subfield code="a">Clemens Aloys Hohwiesner</marc:subfield>
            <marc:subfield code="e">ZeichnerIn</marc:subfield>
          </marc:datafield>
          <marc:datafield tag="655" ind1=" " ind2="7">
            <marc:subfield code="a">Grafik</marc:subfield>
          </marc:datafield>
          <marc:datafield tag="046" ind1=" " ind2=" ">
            <marc:subfield code="k">1804</marc:subfield>
            <marc:subfield code="k">1804 (Federzeichnung von Clemens Aloys Hohwiesner nach dem Holzschnitt Behams)</marc:subfield>
          </marc:datafield>
          <marc:datafield tag="260" ind1=" " ind2=" ">
            <marc:subfield code="g">1804</marc:subfield>
            <marc:subfield code="g">1804 (Federzeichnung von Clemens Aloys Hohwiesner nach dem Holzschnitt Behams)</marc:subfield>
          </marc:datafield>
          <marc:datafield tag="300" ind1=" " ind2=" ">
            <marc:subfield code="a">Höhe: 515 mm
Breite: 395 mm</marc:subfield>
          </marc:datafield>
          <marc:datafield tag="520" ind1=" " ind2=" ">
            <marc:subfield code="a">gedruckte Reproduktion einer Federzeichnung Clemens Aloys Hohwiesners von 1804, die einen Holzschnitt von Sebald Beham von 1520-1530 erweitert, welcher ehemals Albrecht Dürer zugeschrieben wurde und das Schweißtuch der heiligen Veronika isoliert zeigt; Holzschnitt Behams Nachahmung von Dürers Schweißtuch im Kupferstich von 1513, "Das Schweißtuch, von zwei Engeln gehalten"; weitere Vorbilder in der altniederländischen Malerei (Dieric und Albert Bouts) sowie in der Duckgrafik im Umkreis Martin Schongauers (Vgl. Schoch/ Mende 2002, S. 519). 
Sowohl Reproduktion des ursprünglich Dürer zugeschriebenen Holzschnitts (hier 6.4.106) als auch Reproduktion nach Hohwiesners reproduzierender Zeichnung im NHA erhalten (T. Mahler 02/2024)

Stempel:
"ABD" u.re

Inschrift:
"AD" (Monogramm Albrecht Dürers innerhalb der Darstellung)

Beschrieben in:
Y. Doosry, A. Dürer, R. Schoch, M. Mende, und A. Scherbaum, „Holzschnitte und Holzschnittfolgen“, Albrecht Dürer, das druckgraphische Werk, Bd. Bd. 2. Prestel, München [u.a.], 2002. (Nr. A18, S. 519)</marc:subfield>
          </marc:datafield>
          <marc:datafield tag="650" ind1="1" ind2=" ">
            <marc:subfield code="a">Grafik, Fotografie &gt; Reprografie</marc:subfield>
          </marc:datafield>
          <marc:datafield tag="773" ind1="0" ind2=" ">
            <marc:subfield code="t">Sammlung und Nachlass Hermann Allmers</marc:subfield>
          </marc:datafield>
          <marc:datafield tag="852" ind1=" " ind2=" ">
            <marc:subfield code="a">Archiv des Landkreises Cuxhaven</marc:subfield>
          </marc:datafield>
          <marc:datafield tag="" ind1=" " ind2=" ">
            <marc:subfield code="a">Sammlung und Nachlass Hermann Allmers sind Eigentum der Hermann-Allmers-Gesellschaft e. V. und werden in zwei Teilen an zwei Standorten verwahrt:
Die (museale) Sammlung, bestehend aus Mobiliar und Hausgerät, Tafelgemälden, kleineren und größeren Antiken, Gipsabgüssen, kunsthandwerklichen Objekten aus Keramik und Glas und einer kleinen Bibliothek, befindet sich im Allmers-Haus in Rechtenfleth.
Der literarische, grafische und fotografische "Nachlass Hermann Allmers" hingegen ist im Archiv des Landkreises Cuxhaven in Otterndorf deponiert.</marc:subfield>
          </marc:datafield>
          <marc:datafield tag="" ind1=" " ind2=" ">
            <marc:subfield code="a">Namensnennung - Nicht kommerziell - Keine Bearbeitungen 4.0 International (CC BY-NC-ND 4.0)</marc:subfield>
          </marc:datafield>
        </marc:record>
      </metadata>
    </record>
  </GetRecord>
</OAI-PMH>
